000 01165nam a2200265 a 4500
001 39113
003 BD-RjUL
005 20211209052924.0
008 160514s2007 bg a|||e |||| 000 0 ben d
020 _a9840745514
_cTK.430.00
035 _a(BD-RjUL)39225
040 _aBD-RjUL
_bben
_cBD-RjUL
_dBD-RjUL
041 _aben
082 _223
_a891.4408
_bAHB 2007
100 _aআহমদ, বে-নজীর
_9126373
245 1 0 _aবে-নজীর আহমদ রচনাবলী /
_cবে-নজীর আহমদ ; সংকলক ও সম্পাদনা শাহাবুদ্দীন আহমদ
260 _aঢাকা:
_bবাংলা একাডেমী,
_c২০০৭
300 _a২৭,৬৮৩ পৃ. :
_bচিত্র ;
_c২১ সেমি.
490 _aবাএ ;
_v৪৫৪২
650 _aবাংলা সাহিত্য
_9126374
_vসংগৃহীত কাজ
650 _aBengali Literature
_9126375
_vCollected Works
700 _aআহমদ, শাহাবুদ্দীন, সংকলক ও সম্পাদক
_9126376
830 _aবাএ ;
_v৪৫৪২
_9145363
942 _2ddc
_cBK
999 _c39113
_d39113